000 00368nam a2200169Ia 4500
100 _aPappas/Chris H
650 _aVisual C++
942 _cBK
366 _f25
654 _aVisual C++6
245 _aComplete Reference Visual C++6
260 _bTata McGraw Hill
_c1999
082 _a5.133
_bPAP
300 _a1015
546 _aENGLISH
_cPAMPHALETS
999 _c21213
_d21213